000 01527nam a2200433 a 4500
001 21871
003 CZ PrNK
005 20260313140629.0
007 ta
008 150202s2014 xr a c 000 f cze
015 _acnb002662527
020 _a9788073902209
_q(brož.)
035 _a(OCoLC)907525830
040 _aOLA001
_bcze
_dABA001
041 1 _acze
_hfre
072 7 _a821.133.1-3
_xFrancouzská próza, francouzsky psaná
_2Konspekt
072 7 _a821-93
_xLiteratura pro děti a mládež (beletrie)
_2Konspekt
080 _a821.133.1-34
_2MRF
080 _a821-93
_2MRF
080 _a(0:82-34)
_2MRF
100 1 _aSaint-Exupéry, Antoine de,
_d1900-1944
_4aut
_4ill
240 1 0 _aPetit prince.
_lČesky
245 1 0 _aMalý princ /
_cAntoine de Saint-Exupéry ; přeložil Radim Lapčík
260 _aPraha :
_bDobrovský,
_c2014
300 _a94 s. :
_bil. (převážně barev.) ;
_c20 cm
490 1 _aOmega
500 _aPřeloženo z francouzštiny
500 _aVydání zhotoveno podle předlohy vydané v roce 1946 v nakl. Gallimard
500 _aDotisk roku 2017 a 2019
655 7 _afrancouzské pohádky
_2czenas
655 7 _apublikace pro děti
_2czenas
655 9 _aFrench fairy tales
_2eczenas
655 9 _achildren's literature
_2eczenas
700 1 _aLapčík, Radim
_4trl
830 0 _aOmega (Dobrovský)
901 _b9788073902209
_f[1. vyd.]
_gStejné ISBN přiděleno duplicitně též vydání v edici Knihy Omega. Classic
_o20150303
910 _aABA001
942 _2ddc
_cKLDE
_n0
999 _c21871
_d21871